Buckinghamshire - Statistics

General Stats
  • This quiz has been taken 13 times
  • The average score is 13 of 49
Answer Stats
Hint Answer % Correct
74.748 Aylesbury
100%
133.204 High Wycombe
92%
229.941 Milton Keynes
85%
21.731 Amersham
77%
20.649 Chesham
77%
12.890 Buckingham
62%
18.261 Marlow
62%
8.231 Princes Risborough
62%
7.702 Wendover
62%
13.797 Beaconsfield
54%
7.227 Great Missenden
54%
20.633 Gerrards Cross
46%
20.059 Chalfont St Peter
38%
1.432 Denham
38%
7.492 Iver
38%
7.957 Chalfont St Giles
31%
50.193 Bletchley
23%
5.320 Bourne End
23%
4.391 Haddenham
23%
2.939 Ivinghoe
23%
4.497 Little Chalfont
23%
4.204 Stoke Poges
23%
2.019 Stone
23%
1.797 Waddesdon
23%
4.216 Aston Clinton
15%
15.067 Newport Pagnell
15%
2.200 Seer Green
15%
2.115 Weston Turville
15%
4.407 Winslow
15%
1.141 Brill
8%
1.634 Cheddington
8%
6.187 Farnham Royal
8%
1.047 Hyde Heath
8%
8.065 Iver Heath
8%
1.846 Newton Longville
8%
1.007 Oakley
8%
6.477 Olney
8%
3.674 Pitstone
8%
2.114 Steeple Claydon
8%
4.056 Stokenchurch
8%
.093 Tingewick
8%
2.589 Wing
8%
5.074 Woburn Sands
8%
1.049 Great Horwood
0%
1.916 Hanslope
0%
1.303 Lavendon
0%
2.335 Long Crendon
0%
1.840 Stewkley
0%
1.389 Wingrave
0%
No matching quizzes found
Score Distribution
Percent of People with Each Score
Percentile by Number Answered
Your Score History
You have not taken this quiz